All Countries by World Press Freedom - In Order - Statistics

General Stats
  • This quiz has been taken 1,443 times
  • The average score is 40 of 176
Answer Stats
Score Country % Correct
8.13 D Denmark
97%
7.84 N Norway
97%
7.93 F Finland
96%
9.25 S Sweden
95%
9.96 N Netherlands
87%
10.51 J Jamaica
80%
12.16 G Germany
69%
12.57 B Belgium
67%
12.6 I Ireland
67%
15.12 I Iceland
64%
10.62 S Switzerland
64%
15.78 A Austria
63%
12.61 E Estonia
63%
11.83 P Portugal
63%
15.49 L Luxembourg
60%
15.29 C Canada
58%
15.79 U Uruguay
58%
10.69 N New Zealand
57%
22.93 U United Kingdom
51%
18.56 L Latvia
49%
85.82 N North Korea
49%
22.92 F France
47%
20.21 A Australia
45%
58.25 Y Yemen
45%
23.85 U United States
44%
10.53 C Costa Rica
42%
74.71 V Vietnam
42%
83.5 E Eritrea
40%
42.51 Q Qatar
40%
37 Z Zambia
39%
19.52 L Liechtenstein
38%
21.19 L Lithuania
37%
85.44 T Turkmenistan
37%
40.95 Z Zimbabwe
37%
78.48 C China
36%
64.81 I Iran
36%
76.73 D Djibouti
34%
23.69 I Italy
34%
28.86 J Japan
33%
22.16 S Spain
33%
45.66 V Venezuela
32%
42.08 J Jordan
31%
54.11 K Kazakhstan
31%
43.42 O Oman
31%
53.07 U Uzbekistan
30%
55.37 I Iraq
29%
48.92 R Russia
29%
48.2 H Honduras
28%
23.23 A Andorra
26%
64.28 L Laos
26%
22.64 S Slovenia
26%
25.91 R Romania
25%
50.34 R Rwanda
25%
22.67 S Slovakia
25%
72.57 S Syria
25%
42.69 U United Arab Emirates
25%
30.84 H Hungary
24%
27.41 F Fiji
23%
58.48 A Azerbaijan
22%
23.57 C Czech Republic
22%
17.5 S Suriname
22%
45.33 I India
21%
28.65 P Poland
21%
40.95 U Uganda
21%
27.9 D Dominican Republic
20%
36.82 I Indonesia
20%
19.25 N Namibia
20%
62.14 S Saudi Arabia
20%
55.34 T Tajikistan
20%
49.07 D Democratic Republic of the Congo
19%
56.82 E Egypt
19%
22.26 G Ghana
19%
28.8 G Greece
19%
55.77 L Libya
19%
23.22 T Trinidad and Tobago
19%
50.02 T Turkey
19%
60.13 B Bahrain
18%
49.75 B Belarus
18%
63.81 C Cuba
18%
30.2 H Haiti
18%
23.7 S South Korea
18%
23.76 T Taiwan
18%
32.52 U Ukraine
18%
20.45 C Cyprus
17%
30.84 I Israel
17%
29.33 K Kosovo
17%
45.52 P Pakistan
16%
18.25 S Samoa
16%
27.31 C Chile
15%
28.51 C Croatia
15%
22.41 S South Africa
15%
28.6 A Armenia
14%
56.38 E Equatorial Guinea
14%
28.59 G Georgia
14%
33.72 K Kenya
14%
34.3 K Kuwait
14%
55.45 S Somalia
14%
55.33 S Sudan
14%
45.52 A Algeria
13%
23.56 B Botswana
13%
26.63 G Guyana
13%
30.19 K Kyrgyzstan
13%
23.93 P Papua New Guinea
13%
37.7 A Afghanistan
12%
28.78 A Argentina
12%
55.33 B Burundi
12%
20.15 C Cape Verde
12%
43.54 P Philippines
12%
49.37 B Bangladesh
11%
49.65 B Brunei
11%
28.94 I Ivory Coast
11%
36.56 R Republic of the Congo
11%
29.7 E El Salvador
10%
32.82 E Ethiopia
10%
37.2 G Gabon
10%
28.25 N Niger
10%
35.63 N Nigeria
10%
40.25 T Tanzania
10%
44.94 T Thailand
10%
27.27 T Tonga
10%
30.25 A Albania
9%
27.5 B Belize
9%
28.51 B Bosnia and Herzegovina
9%
23.47 B Burkina Faso
9%
45.46 C Cambodia
9%
32.62 E Ecuador
9%
44.77 M Myanmar
9%
35.81 N Nicaragua
9%
29.78 P Panama
9%
32.97 P Paraguay
9%
30.94 P Peru
9%
31.62 S Serbia
9%
55.23 S Singapore
9%
29.45 T Tunisia
9%
39.7 C Chad
8%
29.9 E East Timor
8%
45.15 E Eswatini
8%
35.73 G Guatemala
8%
34.34 G Guinea
8%
33.19 L Lebanon
8%
29.33 T Togo
8%
34.05 B Brazil
7%
35.06 B Bulgaria
7%
42.87 C Central African Republic
7%
42.66 C Colombia
7%
32.06 G Guinea-Bissau
7%
32.25 L Liberia
7%
28 M Mauritius
7%
45.45 M Mexico
7%
42.88 M Morocco
7%
31.27 N North Macedonia
7%
23.99 S Senegal
7%
44.49 S South Sudan
7%
35.11 B Benin
6%
28.9 B Bhutan
6%
35.37 B Bolivia
6%
30.62 G Gambia
6%
30.45 L Lesotho
6%
27.68 M Madagascar
6%
30.16 M Malta
6%
31.16 M Moldova
6%
35.1 N Nepal
6%
33.92 A Angola
5%
43.28 C Cameroon
5%
29.32 M Malawi
5%
29.61 M Mongolia
5%
33.83 M Montenegro
5%
28.66 S Seychelles
5%
29.77 C Comoros
4%
33.12 M Malaysia
4%
34.12 M Mali
4%
32.54 M Mauritania
4%
30.28 S Sierra Leone
4%
41.94 S Sri Lanka
4%
29.93 M Maldives
3%
33.79 M Mozambique
3%
No matching quizzes found
Score Distribution
Percent of People with Each Score
Percentile by Number Answered
Your Score History
You have not taken this quiz